[Event "Chess Festival Groningen 2019 B"]
[Site "Groningen , Netherlands"]
[Date "2019.12.29"]
[Round "8"]
[White "Arnold, Frieda"]
[Black "Blom, Yeb"]
[Result "0-1"]
[WhiteElo "1840"]
[BlackElo "1917"]
[PlyCount "98"]
[EventDate "2019.12.??"]

1. e4 c5 2. Nc3 Nc6 3. Nf3 e6 4. d4 cxd4 5. Nxd4 a6 6. a3 Qc7 7. g3 Nf6 8. Bg2
Be7 9. O-O O-O 10. Be3 d6 11. Qd3 Ne5 12. Qe2 Nc4 13. Bc1 Bd7 14. Rd1 Rac8 15.
Nb3 b5 16. Nd2 Nxa3 17. Rxa3 b4 18. Rb3 bxc3 19. Rxc3 Qa7 20. Rxc8 Rxc8 21. c4
Bc6 22. e5 dxe5 23. Bxc6 Rxc6 24. Qxe5 Qxf2+ 25. Kxf2 Ng4+ 26. Ke2 Nxe5 27. b3
f5 28. Bb2 Bf6 29. Ba3 g5 30. Rc1 g4 31. b4 Bg5 32. b5 axb5 33. cxb5 Rb6 34.
Rc5 Bxd2 35. Rxe5 Bc3 36. Rc5 Bd4 37. Rc8+ Kf7 38. Bc5 Bxc5 39. Rxc5 Ke7 40.
Kd3 Rd6+ 41. Kc4 Kd7 42. Kb3 Rd5 43. Rxd5+ exd5 44. Kc3 f4 45. gxf4 h5 46. f5
h4 47. f6 g3 48. hxg3 hxg3 49. f7 Ke7 0-1

[Event "Chess Festival Groningen 2019 B"]
[Site "Groningen , Netherlands"]
[Date "2019.12.29"]
[Round "8"]
[White "Arnold, Kiri"]
[Black "Klein, Jorik"]
[Result "1/2-1/2"]
[WhiteElo "1672"]
[BlackElo "1859"]
[PlyCount "70"]
[EventDate "2019.12.??"]

1. e4 c5 2. Nc3 d6 3. f4 g6 4. Nf3 Bg7 5. Bc4 Nc6 6. O-O Nf6 7. d3 Bg4 8. Nd5
Bxf3 9. Nxf6+ Bxf6 10. Qxf3 Nd4 11. Qf2 e6 12. c3 b5 13. Bb3 Nxb3 14. axb3 O-O
15. Bd2 Bg7 16. f5 f6 17. Qg3 g5 18. fxe6 Qe7 19. Qg4 Rfe8 20. Ra6 Qxe6 21.
Qxe6+ Rxe6 22. Rfa1 c4 23. bxc4 bxc4 24. Rxa7 Rxa7 25. Rxa7 cxd3 26. b4 Rxe4
27. b5 Re2 28. b6 Rxd2 29. b7 Rb2 30. Ra8+ Kf7 31. b8=Q Rxb8 32. Rxb8 d2 33.
Rb1 f5 34. c4 Ke6 35. Kf2 Be5 1/2-1/2

[Event "Chess Festival Groningen 2019 B"]
[Site "Groningen , Netherlands"]
[Date "2019.12.29"]
[Round "8"]
[White "Arnold, Rhys"]
[Black "Sprik, Sander"]
[Result "1/2-1/2"]
[WhiteElo "1668"]
[BlackElo "1791"]
[PlyCount "27"]
[EventDate "2019.12.??"]

1. e4 c5 2. Nc3 Nc6 3. f4 d6 4. Nf3 g6 5. Bc4 e6 6. O-O Bg7 7. d3 Nge7 8. Qe1
Nd4 9. Bb3 Nec6 10. Be3 Nxb3 11. axb3 Nd4 12. Bxd4 cxd4 13. Ne2 e5 14. Qg3
1/2-1/2

[Event "Chess Festival Groningen 2019 B"]
[Site "Groningen , Netherlands"]
[Date "2019.12.29"]
[Round "8"]
[White "Bloem, Mark"]
[Black "Noordenbos, Daan"]
[Result "1/2-1/2"]
[WhiteElo "1928"]
[BlackElo "2023"]
[PlyCount "72"]
[EventDate "2019.12.??"]

1. e4 e6 2. d4 d5 3. Nd2 Nc6 4. Ngf3 Nf6 5. e5 Nd7 6. c3 f6 7. exf6 Qxf6 8. Bd3
Bd6 9. O-O O-O 10. Nb3 e5 11. dxe5 Ndxe5 12. Be2 Bg4 13. Qxd5+ Kh8 14. Nbd4
Nxd4 15. Nxd4 Bxe2 16. Nxe2 Ng4 17. g3 Rae8 18. Nf4 Re5 19. Qg2 Bc5 20. Nd3 Rh5
21. h3 Ne5 22. Nxe5 Qxe5 23. Bf4 Qe2 24. Rae1 Qxb2 25. Be3 Bb6 26. Bxb6 Qxb6
27. Qe4 Qb2 28. Qe7 Kg8 29. Qe6+ Kh8 30. Qe7 Kg8 31. Qe6+ Kh8 32. Qe7 Kg8 33.
Qe6+ Kh8 34. Qe7 Kg8 35. Qe6+ Kh8 36. Qe7 Kg8 1/2-1/2

[Event "Chess Festival Groningen 2019 B"]
[Site "Groningen , Netherlands"]
[Date "2019.12.29"]
[Round "8"]
[White "Blok, Ronald"]
[Black "Kumar, Prajit Sai"]
[Result "1/2-1/2"]
[WhiteElo "1814"]
[BlackElo "1534"]
[PlyCount "63"]
[EventDate "2019.12.??"]

1. d4 d5 2. Nf3 Nf6 3. g3 g6 4. Bg2 Bg7 5. O-O O-O 6. c4 c6 7. cxd5 cxd5 8. Nc3
Nc6 9. Bf4 Bf5 10. Ne5 Rc8 11. Rc1 e6 12. Bg5 h6 13. Nxc6 Rxc6 14. Bxf6 Qxf6
15. e3 g5 16. f4 g4 17. Qe2 Rfc8 18. Rcd1 h5 19. Rd2 h4 20. gxh4 Qxh4 21. Qf2
Qxf2+ 22. Kxf2 Bg6 23. Rfd1 Bf8 24. a3 f5 25. Ne2 b5 26. Kg3 Be7 27. Nc3 b4 28.
Nxd5 exd5 29. Bxd5+ Bf7 30. Bxc6 Rxc6 31. d5 Rd6 32. axb4 1/2-1/2

[Event "Chess Festival Groningen 2019 B"]
[Site "Groningen , Netherlands"]
[Date "2019.12.29"]
[Round "8"]
[White "Bottema, Jeroen"]
[Black "Pouw, Marcel"]
[Result "0-1"]
[WhiteElo "1724"]
[BlackElo "1880"]
[PlyCount "66"]
[EventDate "2019.12.??"]

1. d4 d5 2. c4 Nc6 3. Nf3 Bg4 4. e3 e5 5. dxe5 d4 6. exd4 Bb4+ 7. Nc3 Bxf3 8.
Qxf3 Qxd4 9. Bd2 Qxe5+ 10. Qe2 O-O-O 11. Qxe5 Nxe5 12. a3 Bc5 13. Ne4 Bd4 14.
Bc3 Bxc3+ 15. Nxc3 Nf6 16. f3 Rhe8 17. Kf2 Rd2+ 18. Kg3 g5 19. b4 Nh5+ 20. Kh3
f5 21. Ra2 Rd4 22. g4 fxg4+ 23. fxg4 Rxg4 24. Ne2 Rh4+ 25. Kg2 Nxc4 26. Nd4
Ne3+ 27. Kf2 Rf4+ 28. Kg1 Rxd4 29. Re2 Rg4+ 30. Kf2 Nd1+ 31. Kf3 Rf4+ 32. Kg2
Ne3+ 33. Kg1 Rxf1# 0-1

[Event "Chess Festival Groningen 2019 B"]
[Site "Groningen , Netherlands"]
[Date "2019.12.29"]
[Round "8"]
[White "De Jong, Mathijs"]
[Black "Torenbosch, Jorn"]
[Result "1/2-1/2"]
[WhiteElo "1967"]
[BlackElo "1821"]
[PlyCount "85"]
[EventDate "2019.12.??"]

1. Nf3 e6 2. d4 f5 3. c4 Nf6 4. Nc3 b6 5. g3 Bb7 6. Bg2 Bb4 7. O-O O-O 8. Qc2
Bxc3 9. Qxc3 Qe8 10. b3 a5 11. Bb2 Ne4 12. Qc2 Qh5 13. d5 Na6 14. Qd1 exd5 15.
cxd5 Rae8 16. Ne5 Nac5 17. a3 d6 18. Nd3 Nxd3 19. Qxd3 Nc5 20. Qc3 Re7 21. Rad1
f4 22. Rd4 Bc8 23. Ba1 a4 24. bxa4 Qxe2 25. Bf3 Qe5 26. Kg2 Qg5 27. Bb2 Bd7 28.
Bc1 Ref7 29. Re1 Qg6 30. g4 Bxg4 31. Bxg4 Qxg4+ 32. Kh1 Qh5 33. Rg1 Qe5 34. Re1
Qh5 35. Bb2 Rf6 36. Rxf4 Qxd5+ 37. f3 Qf7 38. Rg1 Nd7 39. Qxc7 Ne5 40. Qxf7+
R8xf7 41. Rb4 Rxf3 42. Rxb6 Rd7 43. Rb8+ 1/2-1/2

[Event "Chess Festival Groningen 2019 B"]
[Site "Groningen , Netherlands"]
[Date "2019.12.29"]
[Round "8"]
[White "De Winter, Arthur"]
[Black "Huizinga, Egbert"]
[Result "1-0"]
[WhiteElo "1932"]
[BlackElo "1705"]
[PlyCount "52"]
[EventDate "2019.12.??"]

1. e4 e5 2. Nf3 Nc6 3. Bb5 Nf6 4. O-O Nxe4 5. Re1 Nd6 6. Nxe5 Be7 7. Bf1 Nxe5
8. Rxe5 O-O 9. d4 Bf6 10. Bd3 g6 11. Nc3 c6 12. Bh6 Re8 13. Rxe8+ Nxe8 14. d5
d6 15. Qf3 Bd7 16. Re1 Ng7 17. Ne4 Be7 18. Bc4 Nf5 19. Bd2 b5 20. Bb3 c5 21. c3
Ng7 22. Bf4 Be8 23. h4 Nh5 24. Bg5 f5 25. Nxd6 Qxd6 26. Bxe7 Qd7 1-0

[Event "Chess Festival Groningen 2019 B"]
[Site "Groningen , Netherlands"]
[Date "2019.12.29"]
[Round "8"]
[White "Husers, Yannic"]
[Black "Kunnen, Ruurd"]
[Result "1-0"]
[WhiteElo "1903"]
[BlackElo "1846"]
[PlyCount "63"]
[EventDate "2019.12.??"]

1. e4 e5 2. Nf3 Nc6 3. c3 Nf6 4. d4 Nxe4 5. Bd3 d5 6. dxe5 Bg4 7. Nbd2 Nc5 8.
Bb5 Be7 9. O-O O-O 10. Re1 a6 11. Bxc6 bxc6 12. Nf1 Qd7 13. h3 Bh5 14. Ng3 Bg6
15. b4 Nd3 16. Re2 a5 17. bxa5 Nxc1 18. Rxc1 Rxa5 19. Qb3 Bd3 20. Rd2 Bg6 21.
Qb7 Rb5 22. Qa6 Rfb8 23. Rcd1 Rb1 24. Nd4 Rxd1+ 25. Rxd1 Rb6 26. Qa8+ Bf8 27.
f4 Rb1 28. Rxb1 Bxb1 29. f5 c5 30. Nc6 h5 31. f6 gxf6 32. exf6 1-0

[Event "Chess Festival Groningen 2019 B"]
[Site "Groningen , Netherlands"]
[Date "2019.12.29"]
[Round "8"]
[White "Karsdorp, Nico"]
[Black "Broersma, Sven"]
[Result "1/2-1/2"]
[WhiteElo "1812"]
[BlackElo "1627"]
[PlyCount "63"]
[EventDate "2019.12.??"]

1. c4 Nf6 2. Nc3 g6 3. e4 c5 4. e5 Ng8 5. Nf3 Nc6 6. d3 Bg7 7. Bf4 Nh6 8. Qd2
Nf5 9. O-O-O Qa5 10. Kb1 a6 11. Nd5 Qxd2 12. Rxd2 O-O 13. g4 Nfd4 14. Nxd4 cxd4
15. Nb6 Rb8 16. Re2 Rd8 17. c5 Bf8 18. e6 d6 19. exf7+ Kxf7 20. cxd6 Bxg4 21.
dxe7 Bxe7 22. Re1 Bd6 23. Bg5 Re8 24. Bg2 Bb4 25. Re4 Bf5 26. Rf4 Bd6 27. Bd5+
Kg7 28. Rf3 Ne5 29. Rxf5 gxf5 30. Rg1 Ng6 31. Nd7 Rbc8 32. Bf6+ 1/2-1/2

[Event "Chess Festival Groningen 2019 B"]
[Site "Groningen , Netherlands"]
[Date "2019.12.29"]
[Round "8"]
[White "Kubat, Pavel"]
[Black "Saber, Anas"]
[Result "1/2-1/2"]
[WhiteElo "1914"]
[BlackElo "2008"]
[PlyCount "57"]
[EventDate "2019.12.??"]

1. d4 Nf6 2. Nc3 d5 3. Bf4 Bf5 4. e3 e6 5. Bd3 c6 6. Bxf5 exf5 7. Qd3 g6 8. Nf3
Qa5 9. a3 Nbd7 10. O-O Bg7 11. b4 Qd8 12. h3 O-O 13. Nd2 Re8 14. Na4 Ne4 15.
Nc5 g5 16. Bh2 Ndxc5 17. bxc5 g4 18. hxg4 fxg4 19. Nxe4 dxe4 20. Qe2 Qh4 21.
Rab1 Re6 22. Bg3 Qh5 23. f4 gxf3 24. gxf3 Bh6 25. Rb3 Rae8 26. Qg2 exf3 27.
Rxf3 Qg6 28. Bf2 Qxg2+ 29. Kxg2 1/2-1/2

[Event "Chess Festival Groningen 2019 B"]
[Site "Groningen , Netherlands"]
[Date "2019.12.29"]
[Round "8"]
[White "Matsumura, Cocoro"]
[Black "Kastelijn, Twan"]
[Result "*"]
[WhiteElo "1805"]
[BlackElo "1984"]
[PlyCount "38"]
[EventDate "2019.12.??"]

1. e4 c5 2. Nf3 d6 3. d4 cxd4 4. Nxd4 Nf6 5. Nc3 a6 6. f3 e5 7. Nb3 Be6 8. Be3
Nbd7 9. Qd2 b5 10. O-O-O Be7 11. g4 b4 12. Nd5 Nxd5 13. exd5 Nb6 14. Na5 Nxd5
15. Nc6 Qc7 16. Nxe7 Nxe7 17. f4 Rc8 18. Qd3 exf4 19. Bxf4 b3 {
... rest follows [49]} *

[Event "Chess Festival Groningen 2019 B"]
[Site "Groningen , Netherlands"]
[Date "2019.12.29"]
[Round "8"]
[White "Nixdorf, Andre"]
[Black "Benninga, Mark"]
[Result "1-0"]
[WhiteElo "1884"]
[BlackElo "1721"]
[PlyCount "63"]
[EventDate "2019.12.??"]

1. d4 d5 2. Nf3 c5 3. e3 Nc6 4. c4 cxd4 5. exd4 Bg4 6. Be3 e5 7. cxd5 Qxd5 8.
Nc3 Bb4 9. dxe5 Bxf3 10. gxf3 Qxe5 11. Rc1 Nf6 12. Bc4 O-O 13. O-O Rad8 14. Qe2
Bd6 15. f4 Qf5 16. Qf3 Ne5 17. Qe2 Nxc4 18. Qxc4 Qg4+ 19. Kh1 Qf3+ 20. Kg1 g5
21. Qe2 Qh3 22. f3 gxf4 23. Bd4 Qf5 24. Kh1 h6 25. Rg1+ Kh7 26. Nd5 Nh5 27. Qb5
Qd7 28. Rg7+ Nxg7 29. Nf6+ Kh8 30. Nxd7 Rg8 31. Qh5 Kh7 32. Nf6+ 1-0

[Event "Chess Festival Groningen 2019 B"]
[Site "Groningen , Netherlands"]
[Date "2019.12.29"]
[Round "8"]
[White "Pellikaan, Govert"]
[Black "Waardenburg, Marlinde"]
[Result "1-0"]
[WhiteElo "1984"]
[BlackElo "1735"]
[PlyCount "57"]
[EventDate "2019.12.??"]

1. d4 Nf6 2. Bf4 b6 3. f3 Bb7 4. e4 d5 5. e5 Nfd7 6. Bd3 e6 7. Ne2 c5 8. c3 Nc6
9. O-O Be7 10. Be3 a6 11. a3 O-O 12. Nd2 b5 13. Qb1 h6 14. Qe1 b4 15. Qg3 Kh8
16. Qh3 Bg5 17. f4 Be7 18. Nf3 Re8 19. Ng5 Kg8 20. Bh7+ Kf8 21. Qh4 hxg5 22.
fxg5 Ncxe5 23. Nf4 Bd6 24. dxe5 Nxe5 25. Nd3 Qc7 26. Nxe5 Bxe5 27. Rxf7+ Qxf7
28. Bxc5+ Re7 29. Bg6 1-0

[Event "Chess Festival Groningen 2019 B"]
[Site "Groningen , Netherlands"]
[Date "2019.12.29"]
[Round "8"]
[White "Pol, Thierry"]
[Black "Christensen, John Christop"]
[Result "0-1"]
[WhiteElo "1684"]
[BlackElo "1848"]
[PlyCount "61"]
[EventDate "2019.12.??"]

1. e4 c5 2. Nf3 e6 3. d4 cxd4 4. Nxd4 a6 5. c4 Qc7 6. Nc3 Nf6 7. a3 Be7 8. Be3
d6 9. Be2 Nbd7 10. O-O O-O 11. Rc1 b6 12. b4 Bb7 13. f3 Rac8 14. Qb3 Qb8 15.
Rfd1 Kh8 16. Na4 Rc7 17. Nc2 Ba8 18. Bd4 Rfc8 19. Ne3 b5 20. Nb2 bxc4 21. Rxc4
d5 22. Rxc7 Rxc7 23. e5 Ne8 24. Bxa6 Bc5 25. Qd3 Bxd4 26. Qxd4 Bb7 27. Bd3 Rc8
28. Qh4 g6 29. f4 Qa7 30. Rd2 Qxa3 31. Qe1 0-1

[Event "Chess Festival Groningen 2019 B"]
[Site "Groningen , Netherlands"]
[Date "2019.12.29"]
[Round "8"]
[White "Pompstra, Henk"]
[Black "Leentjens, Gilbert"]
[Result "1-0"]
[WhiteElo "1715"]
[BlackElo "1843"]
[PlyCount "54"]
[EventDate "2019.12.??"]

1. d4 Nf6 2. Bg5 e6 3. e4 h6 4. Bxf6 Qxf6 5. Nf3 b6 6. Nbd2 Bb7 7. Bd3 c5 8. c3
Nc6 9. O-O cxd4 10. Nc4 dxc3 11. e5 Qd8 12. bxc3 d5 13. exd6 Bxd6 14. Be4 Ke7
15. Qa4 Qc7 16. Nxd6 Qxd6 17. Nd4 Nxd4 18. Bxb7 Ne2+ 19. Kh1 Nxc3 20. Qb3 Rab8
21. Qxc3 Rxb7 22. Qxg7 Rbb8 23. Rfd1 Qf4 24. Qc3 a5 25. Rd4 Qg5 26. Qc7+ Kf6
27. Rf4+ Qxf4 1-0

[Event "Chess Festival Groningen 2019 B"]
[Site "Groningen , Netherlands"]
[Date "2019.12.29"]
[Round "8"]
[White "Reinders, Joan"]
[Black "Molanus, Lennart"]
[Result "1-0"]
[WhiteElo "1872"]
[BlackElo "1677"]
[PlyCount "59"]
[EventDate "2019.12.??"]

1. e4 c5 2. c3 Nf6 3. e5 Nd5 4. Nf3 e6 5. Bc4 b6 6. O-O Bb7 7. d4 cxd4 8. cxd4
Qc7 9. Qe2 d6 10. Rd1 Nd7 11. Bg5 h6 12. Bxd5 Bxd5 13. Bf4 dxe5 14. Nxe5 Bd6
15. Nc3 Bb7 16. Rac1 Nxe5 17. dxe5 Bc5 18. Nb5 Qc6 19. Nd6+ Ke7 20. Qg4 g5 21.
Be3 Rhg8 22. b4 h5 23. Bxg5+ Kf8 24. Bh6+ Ke7 25. Qh4+ Kd7 26. Nxb7+ Kc7 27. g3
Kxb7 28. bxc5 Rg4 29. Qe7+ Qc7 30. Rd7 1-0

[Event "Chess Festival Groningen 2019 B"]
[Site "Groningen , Netherlands"]
[Date "2019.12.29"]
[Round "8"]
[White "Van Mulken, Nanning"]
[Black "Hofstra, Tijmen"]
[Result "1/2-1/2"]
[WhiteElo "1605"]
[BlackElo "1710"]
[PlyCount "32"]
[EventDate "2019.12.??"]

1. c4 c5 2. Nc3 Nc6 3. g3 g6 4. Bg2 Bg7 5. Nf3 Nf6 6. O-O O-O 7. a3 a6 8. Rb1
Rb8 9. b4 cxb4 10. axb4 b5 11. cxb5 axb5 12. d4 d5 13. Bf4 Bf5 14. Rb3 Rb6 15.
Ne5 Bd7 16. Nf3 Bf5 1/2-1/2

[Event "Chess Festival Groningen 2019 B"]
[Site "Groningen , Netherlands"]
[Date "2019.12.29"]
[Round "8"]
[White "Van der Meer, Henk"]
[Black "Wissmann, Dolf"]
[Result "1/2-1/2"]
[WhiteElo "1785"]
[BlackElo "2092"]
[PlyCount "95"]
[EventDate "2019.12.??"]

1. e4 g6 2. f4 Bg7 3. Bc4 e5 4. Nf3 d6 5. fxe5 Nc6 6. O-O Nh6 7. h3 O-O 8. d4
dxe5 9. d5 Qd6 10. b3 Ne7 11. Qe2 a6 12. a4 Re8 13. Qf2 Kh8 14. Ba3 Qd8 15. Nc3
Neg8 16. Rad1 Bd7 17. d6 c6 18. Bc5 b5 19. axb5 axb5 20. Be2 Rf8 21. Qh4 Qc8
22. Be3 f6 23. Ne1 f5 24. Nd3 f4 25. Bb6 Nf7 26. Nc5 Bf6 27. Qf2 Bd8 28. Nxd7
Qxd7 29. Bg4 Qb7 30. Bc5 Nf6 31. Ra1 Ng5 32. Bf3 Ne6 33. b4 Nd7 34. Kh1 Bf6 35.
Ne2 h5 36. Rfd1 Rxa1 37. Rxa1 Ra8 38. Rxa8+ Qxa8 39. g4 Nd4 40. Nxd4 exd4 41.
Bxd4 Bxd4 42. Qxd4+ Kg8 43. Kg2 Qa2 44. Qd2 Qe6 45. Qxf4 Ne5 46. gxh5 Qxd6 47.
hxg6 Kg7 48. Bh5 1/2-1/2

[Event "Chess Festival Groningen 2019 B"]
[Site "Groningen , Netherlands"]
[Date "2019.12.29"]
[Round "8"]
[White "Visser, Johan"]
[Black "Arnold, Lorin"]
[Result "1-0"]
[WhiteElo "1716"]
[BlackElo "1647"]
[PlyCount "49"]
[EventDate "2019.12.??"]

1. e4 c5 2. Nc3 Nc6 3. f4 e6 4. Nf3 Nge7 5. d3 g6 6. Ne2 Bg7 7. c3 O-O 8. Ng3
d5 9. Be2 d4 10. c4 b5 11. O-O bxc4 12. dxc4 Bb7 13. a3 Rb8 14. Bd3 a5 15. f5
exf5 16. exf5 Ne5 17. Nxe5 Bxe5 18. Qg4 Kh8 19. Bh6 Rg8 20. f6 Bxf6 21. Rxf6
Nf5 22. Rxf5 Bc8 23. Qe2 gxf5 24. Qe5+ f6 25. Qxb8 1-0

[Event "Chess Festival Groningen 2019 B"]
[Site "Groningen , Netherlands"]
[Date "2019.12.29"]
[Round "8"]
[White "Waardenburg, Feline"]
[Black "Konnen, Timo"]
[Result "1/2-1/2"]
[WhiteElo "1769"]
[BlackElo "1843"]
[PlyCount "110"]
[EventDate "2019.12.??"]

1. d4 Nf6 2. c4 e5 3. dxe5 Ng4 4. Bf4 Bb4+ 5. Nd2 Nc6 6. Ngf3 Qe7 7. e3 Ngxe5
8. Nxe5 Nxe5 9. Be2 Ng6 10. Bg3 O-O 11. O-O Bd6 12. Nf3 Bxg3 13. hxg3 d6 14.
Nd4 c6 15. Qc2 Qf6 16. Rad1 Rd8 17. Rd2 Be6 18. Rfd1 Rd7 19. e4 Ne5 20. Qc3 g5
21. Nxe6 Qxe6 22. f4 Ng4 23. Qf3 f5 24. exf5 Qe3+ 25. Qxe3 Nxe3 26. Rxd6 Rxd6
27. Rxd6 Nxf5 28. Rd3 gxf4 29. gxf4 Re8 30. Bg4 Ne3 31. Bh5 Re7 32. b3 Nc2 33.
Kf2 c5 34. g4 Kg7 35. g5 Nd4 36. Kg3 Re1 37. Rd2 Rh1 38. Bf3 Nf5+ 39. Kg2 Rh4
40. Rd7+ Kg6 41. Rxb7 Rxf4 42. Rxa7 Kxg5 43. Bd5 h5 44. a4 Ne3+ 45. Kh2 Kh4 46.
Rg7 Rf2+ 47. Kg1 Rf1+ 48. Kh2 Ng4+ 49. Kg2 Rf2+ 50. Kg1 Kg3 51. Rf7 Ra2 52.
Rf3+ Kh4 53. Be6 Ra1+ 54. Kg2 Ra2+ 55. Kg1 Ra1+ 1/2-1/2